| 000 | 01247nkm a22002297a 4500 | ||
|---|---|---|---|
| 001 | 85846 | ||
| 005 | 20260429134957.0 | ||
| 007 | kh bo | ||
| 008 | 260429s1925 sp ||||| |||| |0| i|spa d | ||
| 040 |
_aM-RABA _bspa _cM-RABA |
||
| 100 | 1 |
_aMoreno, Vicente ( _d1895-1954) _929028 |
|
| 245 | 1 | 1 |
_a[Retrato de Bernini] _h[Material gráfico] |
| 260 |
_a: Madrid _b: Fotografía de Arte Moreno _c[ca.1925] |
||
| 300 |
_a1 fotografía _b: reproducción fotomecánica _c, imagen 22,5 x 16,5 cm |
||
| 500 | 0 | 0 | _aFotografía que representa un retrato de Bernini, de autor desconocido. |
| 500 | 0 | 0 | _aFotografía de Arte Moreno, padre (Mariano Moreno) e hijo (Vicente Moreno) se encuentran ubicados en el estudio de la Plaza de las Cortes, 8 en Madrid. Suponemos que se trata de Vicente ya que a la muerte de su padre en 1925 se especializa en fotografías de obras de arte. |
| 500 | 0 | 0 | _aAutoría tomada del sello a tinta en el verso: "Fotografía de Arte Moreno. Plaza de las Cortes, 8. Madrid". |
| 655 | 7 |
_aFotografías de obras de arte _975675 |
|
| 852 | _jFot-814 | ||
| 856 |
_uhttps://archivoybiblioteca.realacademiabellasartessanfernando.com/cgi-bin/koha/opac-retrieve-file.pl?id=f99a022f4a15dd8b7b1c120b2ffced1d _yFot-814 |
||
| 942 |
_cFOTOGRAFÍA _n0 |
||
| 999 |
_c85846 _d85846 |
||